Berühmte Stirnen #2 - Statistiken

Allgemein
  • Dieses Quiz wurde 1.647 mal gespielt
  • Das Durchschnittsergebnis liegt bei 8 aus 15
Antwortstatistiken
Bildquiz Antwort % Korrekt
Angela Merkel
98%
Prinz Charles
76%
Johnny Depp
71%
The Rock
68%
Morgan Freeman
64%
Michail Gorbatschow
57%
Tom Cruise
56%
Rihanna
55%
Emma Watson
51%
David Beckham
48%
Rowan Atkinson
45%
Meghan Markle
25%
Patrick Stewart
20%
Reese Witherspoon
19%
Julia Roberts
18%
Keine übereinstimmenden Quizze gefunden
Verteilung der Resultate
Anzahl Personen mit jedem Resultat
Perzentil nach korrekt beantworteten Fragen
Ihre Resultats-Entwicklung
Sie haben dieses Quiz noch nicht gespielt